Bertrand Russell: autobiography
Guardado en:
| Formato: | Libro |
|---|---|
| Lenguaje: | inglés |
| Publicado: |
Londres
Routledge
1991
|
| Materias: | |
| Etiquetas: |
Agregar Etiqueta
Sin Etiquetas, Sea el primero en etiquetar este registro!
|
MARC
| LEADER | 00000nam a2200000 a 4500 | ||
|---|---|---|---|
| 001 | UCN5198 | ||
| 003 | CL-VaPUC | ||
| 008 | 010824e19910000UK |||||||||||||||||eng|d | ||
| 082 | 0 | 4 | |a 921.2 |b BER |2 21 |
| 245 | 1 | 0 | |a Bertrand Russell: autobiography |
| 300 | |a 750 p | ||
| 942 | |c BK | ||
| 945 | |d 20010824 00:00:00 |a vberengu | ||
| 260 | |a Londres |b Routledge |c 1991 | ||
| 600 | 0 | |a Russell, Bertrand, |d 1872-1970 |9 461219 | |
| 650 | 0 | |a Biografías |9 255210 | |
| 650 | 0 | |a Filósofos ingleses |9 345975 | |
| 583 | |a last modification |c 20010824 00:00:00 |k Rodrigo Vera | ||
| 999 | |c 296855 |d 296853 | ||
| 952 | |0 0 |1 0 |4 0 |6 921_200000000000000_BER_1991 |7 0 |8 P |9 351110 |a BIBEDU |b BIBEDU |c BIBEDU_PB |d 2019-11-21 |i 3749827 |o 921.2 BER 1991 |p 3749827 |r 2024-01-25 |w 2019-11-21 |y BK |k LIT | ||